| 000 | 01561nam0a2200385 4500 | ||
|---|---|---|---|
| 001 | RU\NLR\BIBL_A\012416670 | ||
| 005 | 20260406165854.0 | ||
| 010 |
_a978-5-17-120006-0 _93000 |
||
| 021 |
_aRU _b2020-50395 _9КН-П-3796 |
||
| 035 | _a(NLR Aleph) 012416670 | ||
| 090 |
_a11803187 _c11803187 |
||
| 100 | _a20201204d2020 u y0rusy50 ca | ||
| 101 | 0 |
_arus _aeng |
|
| 102 | _aRU | ||
| 105 | _ay|||zzzz000zy | ||
| 181 | 0 |
_ai _baxxe |
|
| 182 | 0 | _an | |
| 200 | 1 |
_aДракула _dDracula _fБрэм Стокер _gадаптация текста и словарь С. А. Матвеева _zeng |
|
| 203 |
_aТекст _bвизуальный _cнепосредственный |
||
| 210 |
_aМосква _cАСТ _cLingua _d2020 |
||
| 215 |
_a318, [1] с. _d17 |
||
| 225 | 1 |
_aКарманное чтение на английском языке _iIntermediate |
|
| 300 | _aАвт. также на англ. яз.: Bram Stoker | ||
| 333 | _a12+ | ||
| 510 | 1 |
_6z20790 _aDracula _zeng |
|
| 606 | 1 |
_aАнглийский язык _jКниги для чтения _9972309 _3RU\NLR\AUTH\6646032 |
|
| 686 | 1 | _aШ143.21-93рус91 | |
| 700 | 1 |
_8rus _7ca _aСтокер _bБ. _f1847-1912 _gБрэм _3RU\NLR\auth\7712521 _9122233 |
|
| 702 | 1 |
_4570 _7ca _8rus _aМатвеев _bС. А. _cлингвист, философ _gСергей Александрович _3RU\NLR\AUTH\7732325 _915334 |
|
| 790 | 1 |
_8eng _7ba _aStoker _bB. _f1847-1912 _gBram _3RU\NLR\AUTH\7772518 _955446 |
|
| 942 | _cBOOK | ||
| 980 | _aNBR | ||
| 980 | _aNB | ||